[Event "Washington Open"]
[Site "Redmond, WA"]
[Date "2008.05.26"]
[Round "5"]
[White "Moshiri, Ata"]
[Black "Pitre, HG."]
[Result "1/2-1/2"]
[WhiteElo "1686"]
[BlackElo "1790"]
[PlyCount "76"]
[EventDate "2008.05.??"]
[SourceDate "2008.05.24"]

1. c4 Nf6 2. Nc3 g6 3. g3 Bg7 4. Bg2 O-O 5. e4 d6 6. Nge2 Bg4 7. O-O Nc6 8. h3
Bxe2 9. Nxe2 e5 10. d3 Nd7 11. Be3 Qe7 12. Nc3 Nc5 13. Nd5 Qd8 14. Qd2 Ne6 15.
f4 exf4 16. gxf4 f5 17. exf5 Rxf5 18. Bf3 Ncd4 19. Bg4 c6 20. Nc3 h5 21. Bxf5
Nxf5 22. Bf2 d5 23. Rae1 Ned4 24. Kg2 Kh7 25. cxd5 cxd5 26. Ne2 Ne6 27. Ng1 Qd6
28. Bg3 Nxg3 29. Kxg3 g5 30. Rxe6 gxf4+ 31. Qxf4 Qxe6 32. Qf5+ Qg6+ 33. Kh4 Rf8
34. Qxg6+ Kxg6 35. Rxf8 Bxf8 36. Ne2 Be7+ 37. Kg3 Kf5 38. Kf3 Bg5 1/2-1/2

[Event "Washington Open"]
[Site "Redmond, WA"]
[Date "2008.05.26"]
[Round "5"]
[White "Perez, Juan"]
[Black "Shimota, Carl"]
[Result "1-0"]
[WhiteElo "1707"]
[BlackElo "1472"]
[PlyCount "67"]
[EventDate "2008.05.??"]
[SourceDate "2008.05.24"]

1. e4 c5 2. Nf3 Nc6 3. Bb5 Nd4 4. Nxd4 cxd4 5. O-O a6 6. Be2 e5 7. d3 Nf6 8. f4
d6 9. c3 Qb6 10. Kh1 Be7 11. Bf3 Bd7 12. Qe2 h5 13. f5 Bc6 14. c4 O-O-O 15. Na3
g6 16. fxg6 fxg6 17. Nc2 Kb8 18. a4 a5 19. Bd2 Qc7 20. b4 axb4 21. Nxb4 Rdg8
22. Nd5 Bxd5 23. exd5 g5 24. a5 g4 25. Be4 h4 26. Rfb1 h3 27. g3 Nh5 28. a6 b6
29. Ba5 Ka8 30. Rxb6 Bh4 31. Rb7 Qc8 32. Qb2 Bxg3 33. Qb6 Qc5 34. Ra7# 1-0

[Event "Washington Open"]
[Site "Redmond, WA"]
[Date "2008.05.26"]
[Round "5"]
[White "Levy, Mireya"]
[Black "Gordon, Seth"]
[Result "1-0"]
[WhiteElo "1661"]
[BlackElo "1375"]
[PlyCount "33"]
[EventDate "2008.05.??"]
[SourceDate "2008.05.24"]

1. e4 e5 2. Nf3 Nc6 3. d4 exd4 4. Bc4 h6 5. O-O d6 6. Nxd4 Ne5 7. Bb3 Bd7 8. f4
Ng6 9. Nc3 a6 10. e5 b5 11. e6 fxe6 12. Bxe6 c5 13. Qh5 Qf6 14. Bxd7+ Kxd7 15.
Qg4+ Kc7 16. Nd5+ Kb7 17. Qd7+ 1-0

[Event "Washington Open"]
[Site "Redmond, WA"]
[Date "2008.05.26"]
[Round "5"]
[White "Skulsky, Ian"]
[Black "Readey, John"]
[Result "1/2-1/2"]
[WhiteElo "2138"]
[BlackElo "2296"]
[PlyCount "85"]
[EventDate "2008.05.??"]
[SourceDate "2008.05.24"]

1. b4 e5 2. a3 d5 3. Bb2 Bd6 4. e3 Nf6 5. c4 c6 6. Nf3 Qe7 7. Nc3 Nbd7 8. cxd5
cxd5 9. Nb5 Bb8 10. Rc1 Nb6 11. Qc2 O-O 12. Nc7 Bxc7 13. Qxc7 Qxc7 14. Rxc7 Ne8
15. Rc1 f6 16. Be2 Nd6 17. d3 Bd7 18. Nd2 Na4 19. Ba1 Rfc8 20. O-O Nb5 21. Bf3
Be6 22. Nb1 Kf7 23. Be2 Bd7 24. d4 e4 25. f3 Nd6 26. Nd2 Rxc1 27. Rxc1 f5 28.
Rc7 Ke8 29. Bd1 Rc8 30. Rxc8+ Nxc8 31. Bb3 Nab6 32. Nb1 Ba4 33. Ba2 Kd7 34. Nc3
Kc6 35. Kf2 Nd6 36. Bb2 Bc2 37. Bc1 Nb5 38. Nxb5 Kxb5 39. Kg3 Kc6 40. Kf4 Na4
41. Bd2 exf3 42. gxf3 Kd6 43. Kg3 1/2-1/2

[Event "Washington Open"]
[Site "Redmond, WA"]
[Date "2008.05.28"]
[Round "5"]
[White "Selzler, Ricky"]
[Black "Collyer, Curt"]
[Result "1/2-1/2"]
[WhiteElo "2156"]
[BlackElo "2259"]
[PlyCount "175"]
[EventDate "2008.05.??"]
[SourceDate "2008.05.24"]

1. d4 d5 2. c4 c6 3. Nf3 Nf6 4. Nc3 a6 5. c5 Bg4 6. Ne5 Bf5 7. Bf4 g6 8. h3 Bg7
9. e3 O-O 10. Be2 Nfd7 11. Nf3 b6 12. cxb6 Qxb6 13. Qd2 f6 14. O-O e5 15. Bh2
Kh8 16. Na4 Qa7 17. Rfc1 a5 18. Rc3 Be4 19. Rd1 Re8 20. a3 Bh6 21. Nc5 Nxc5 22.
Rxc5 Qb6 23. Rdc1 Bxf3 24. Bxf3 exd4 25. Qxd4 Nd7 26. Rxc6 Qxd4 27. exd4 Bxc1
28. Rxc1 Rac8 29. Bc7 Nf8 30. Rc3 Ne6 31. Bxa5 Nxd4 32. Bxd5 Ne2+ 33. Kh2 Nxc3
34. Bxc3 Kg7 35. a4 Rc5 36. Bf3 Rxc3 37. bxc3 Rc8 38. a5 Rxc3 39. a6 Ra3 40.
Bb7 f5 41. h4 Kf6 42. f4 Ke6 43. Kg1 Ra2 44. Kh2 Kd6 45. Kg3 h5 46. Kf3 Kc5 47.
Ke3 Ra3+ 48. Kd2 Kd4 49. Ke2 Ra1 50. Kf3 Ra2 51. g3 Ra3+ 52. Kf2 Kd3 53. Kf3
Kc4+ 54. Kf2 Kd4 55. Bc8 Ra1 56. Bb7 Ra2+ 57. Kf3 Kc4 58. Ke3 Ra3+ 59. Kf2 Kc5
60. Kg2 Kd6 61. Kf2 Ke7 62. Kg2 Kd7 63. Kf2 Kd6 64. Kg2 Kc7 65. Kf2 Kb6 66. Bc8
Kc7 67. Bb7 Kb6 68. Bc8 Rc3 69. Bb7 Rc7 70. Ke3 Rc3+ 71. Kf2 Ka7 72. Kg2 Kb8
73. Kf2 Rb3 74. Bd5 Ra3 75. Bb7 Ka7 76. Bc8 Kb6 77. Bb7 Ra2+ 78. Ke3 Ra4 79.
Kf2 Ra3 80. Bc8 Rb3 81. Bb7 Rc3 82. Kg2 Ka7 83. Kf2 Ra3 84. Bc8 Rb3 85. Bb7 Ra3
86. Kg2 Ra2+ 87. Kf3 Rb2 88. Bc8 1/2-1/2

[Event "Washington Open"]
[Site "Redmond, WA"]
[Date "2008.05.26"]
[Round "5"]
[White "Webb, Delmar"]
[Black "Countryman, Zachary"]
[Result "0-1"]
[WhiteElo "1785"]
[BlackElo "1726"]
[PlyCount "42"]
[EventDate "2008.05.??"]
[SourceDate "2008.05.24"]

1. e4 c5 2. Nf3 d6 3. d4 cxd4 4. Nxd4 Nf6 5. Nc3 a6 6. Bg5 e6 7. Qd2 Be7 8.
O-O-O Nbd7 9. Bc4 Nc5 10. Bxf6 Bxf6 11. f4 b5 12. b4 bxc4 13. bxc5 Qa5 14. a4
Qxc5 15. Kb2 Be7 16. Ra1 Bf6 17. Rhd1 Rb8+ 18. Kc1 O-O 19. g3 e5 20. Nf5 Bxf5
21. exf5 Qb4 0-1

[Event "Washington Open"]
[Site "Redmond, WA"]
[Date "2008.05.26"]
[Round "6"]
[White "Rozenfeld, Yevgeniy"]
[Black "Perez, Juan"]
[Result "1-0"]
[WhiteElo "1960"]
[BlackElo "1707"]
[PlyCount "67"]
[EventDate "2008.05.??"]
[SourceDate "2008.05.24"]

1. e4 c5 2. Nf3 d6 3. d4 cxd4 4. Nxd4 Nf6 5. Nc3 a6 6. Bg5 e6 7. f4 Qb6 8. Qd2
Qxb2 9. Rb1 Qa3 10. Bc4 Qc5 11. Bb3 Nc6 12. Ba4 b5 13. Ncxb5 axb5 14. Rxb5 Qa7
15. Rb4 Bd7 16. Bxc6 Bxc6 17. Nxc6 Qc5 18. Bxf6 gxf6 19. Nd4 Bh6 20. g3 O-O 21.
Nb3 Qa7 22. a4 d5 23. Qd4 Qe7 24. O-O dxe4 25. Qxe4 f5 26. Qe1 Bg7 27. a5 Qd6
28. Rf3 Rfc8 29. Rd3 Qc6 30. Qd2 Qxc2 31. Rd8+ Bf8 32. Qxc2 Rxc2 33. Rxa8 Kg7
34. Rb5 1-0

[Event "Washington Open"]
[Site "Redmond, WA"]
[Date "2008.05.26"]
[Round "6"]
[White "Pupols, Viktors"]
[Black "Chen, Howard"]
[Result "1-0"]
[WhiteElo "2214"]
[BlackElo "2029"]
[PlyCount "147"]
[EventDate "2008.05.??"]
[SourceDate "2008.05.24"]

1. c4 c6 2. Nf3 d5 3. b3 Bf5 4. Bb2 Nd7 5. g3 Ngf6 6. Bg2 e6 7. d3 Be7 8. O-O
O-O 9. Nbd2 Rc8 10. Qe1 Bg6 11. Rd1 Nc5 12. Nb1 b5 13. d4 Nce4 14. Ne5 bxc4 15.
bxc4 Qb6 16. Bc3 Nxc3 17. Qxc3 Qa6 18. c5 Bd8 19. Nxg6 hxg6 20. Qc2 Rb8 21. Rd3
Rb4 22. Nd2 Bc7 23. e3 Rfb8 24. Rb3 R8b5 25. Rfb1 Qb7 26. Bf1 Rxb3 27. Rxb3
Rxb3 28. Qxb3 Qxb3 29. axb3 a5 30. Ba6 Nd7 31. e4 Kf8 32. e5 Ke7 33. f4 Nb8 34.
Bd3 Ke8 35. Kf2 Bd8 36. Nf3 Kd7 37. g4 Ke7 38. Kg3 Bc7 39. h4 Bd8 40. Ne1 Ke8
41. Nc2 Ke7 42. Ne3 Bc7 43. Ng2 Bd8 44. Ne1 Bc7 45. Nf3 Bd8 46. h5 gxh5 47.
gxh5 f5 48. exf6+ Kxf6 49. Kg4 Bc7 50. Ne5 Bd8 51. Kf3 Bc7 52. Ng4+ Ke7 53. Ne5
Kf6 54. Kg4 Bd8 55. Ng6 Bc7 56. Ne5 Bd8 57. Be2 Be7 58. Bf1 Bd8 59. Bh3 Bc7 60.
h6 gxh6 61. Kh5 Bxe5 62. fxe5+ Kf7 63. Bf1 Kg7 64. Bd3 Nd7 65. Ba6 Nf8 66. Bb7
Ng6 67. Bxc6 Nf4+ 68. Kg4 Ne2 69. Ba4 Nxd4 70. c6 Nf5 71. c7 Ne7 72. Bd7 d4 73.
Bxe6 d3 74. Kf3 1-0

[Event "Washington Open"]
[Site "Redmond, WA"]
[Date "2008.05.26"]
[Round "6"]
[White "Watts, Peter"]
[Black "Selzler, Ricky"]
[Result "0-1"]
[WhiteElo "1845"]
[BlackElo "2156"]
[PlyCount "56"]
[EventDate "2008.05.??"]
[SourceDate "2008.05.24"]

1. d4 Nf6 2. Nf3 g6 3. c4 Bg7 4. Nc3 O-O 5. e4 d6 6. h3 e5 7. d5 a5 8. Bg5 Na6
9. Bd3 Bd7 10. Qd2 Nc5 11. Bc2 Qe8 12. a4 Kh8 13. g4 Ng8 14. Nh2 f5 15. f3 fxe4
16. Nxe4 Nxe4 17. Bxe4 Nf6 18. Bxf6 Bxf6 19. g5 Bd8 20. h4 Bf5 21. Ng4 Bxe4 22.
fxe4 Rf4 23. Qe2 Qd7 24. Nf2 h5 25. gxh6 Bxh4 26. Rxh4 Rxh4 27. Qf3 Rf4 28. Qg3
Raf8 0-1

[Event "Washington Open"]
[Site "Redmond, WA"]
[Date "2008.05.26"]
[Round "6"]
[White "Brewster, Robert"]
[Black "Cloy, Elston"]
[Result "0-1"]
[WhiteElo "1978"]
[BlackElo "1965"]
[PlyCount "72"]
[EventDate "2008.05.??"]
[SourceDate "2008.05.24"]

1. e4 e5 2. Nf3 Nc6 3. Bb5 a6 4. Bxc6 dxc6 5. O-O f6 6. d4 exd4 7. Nxd4 c5 8.
Nb3 Qxd1 9. Rxd1 Bd7 10. Be3 b6 11. Nc3 O-O-O 12. a4 Ne7 13. Nd2 Nc6 14. Nc4
Be6 15. Rxd8+ Kxd8 16. Rd1+ Kc8 17. Nd5 Nb4 18. Nxb4 cxb4 19. b3 Be7 20. f4 Kb7
21. Nb2 Rd8 22. h3 Rxd1+ 23. Nxd1 c5 24. f5 Bf7 25. g4 c4 26. bxc4 Bxc4 27. Nb2
Bf7 28. h4 b3 29. cxb3 Bxb3 30. g5 Bc2 31. gxf6 gxf6 32. e5 fxe5 33. Nc4 Bxf5
34. Nxe5 Be6 35. h5 Bb4 36. Kf2 Ba5 0-1

[Event "Washington Open"]
[Site "Redmond, WA"]
[Date "2008.05.26"]
[Round "6"]
[White "Lapid Shafriri, Gil"]
[Black "Collyer, Curt"]
[Result "1/2-1/2"]
[WhiteElo "2118"]
[BlackElo "2259"]
[PlyCount "83"]
[EventDate "2008.05.??"]
[SourceDate "2008.05.24"]

1. d4 Nf6 2. c4 c5 3. e3 cxd4 4. exd4 d5 5. Nc3 Be6 6. Nf3 Nc6 7. cxd5 Bxd5 8.
Be2 e6 9. O-O Be7 10. Bf4 O-O 11. Nxd5 Qxd5 12. Qd3 Rfd8 13. Rfd1 Rac8 14. Qb5
Qxb5 15. Bxb5 Nd5 16. Bg3 a6 17. Ba4 f6 18. Rac1 b5 19. Bb3 Kf7 20. h4 h5 21.
a4 Ncb4 22. axb5 axb5 23. Ra1 Ra8 24. Kf1 Rdc8 25. Rxa8 Rxa8 26. Ke2 Nc6 27.
Nh2 Rd8 28. Nf3 Bb4 29. Rc1 Nce7 30. Ra1 Nf5 31. Ra7+ Be7 32. Rb7 b4 33. Rb5
Kg6 34. Bh2 Ra8 35. Bxd5 exd5 36. Rxd5 Ra2 37. Bf4 Rxb2+ 38. Bd2 Rb3 39. Rd7
Ra3 40. Rb7 Bf8 41. Rb6 Rb3 42. Rb8 1/2-1/2

[Event "Washington Open"]
[Site "Redmond, WA"]
[Date "2008.05.26"]
[Round "6"]
[White "Shimota, Carl"]
[Black "Moshiri, Ata"]
[Result "0-1"]
[WhiteElo "1472"]
[BlackElo "1686"]
[PlyCount "58"]
[EventDate "2008.05.??"]
[SourceDate "2008.05.24"]

1. e4 c5 2. Nf3 Nc6 3. Bc4 e6 4. d4 cxd4 5. Nxd4 Nf6 6. Bg5 Qa5+ 7. Bd2 Qb6 8.
Nxc6 bxc6 9. Nc3 Nxe4 10. Nxe4 d5 11. Bxd5 cxd5 12. Ng3 Ba6 13. Ne2 Bc5 14. O-O
O-O 15. b4 Bd6 16. a4 Bc4 17. Re1 Rfc8 18. c3 Qc7 19. h3 e5 20. Ng3 Qd7 21. Qh5
g6 22. Qh4 f5 23. Bh6 Re8 24. Nh5 gxh5 25. Qg5+ Kf7 26. Qxh5+ Ke6 27. g4 Qf7
28. Qh4 Kd7 29. Bg5 Be7 0-1

[Event "Washington Open"]
[Site "Redmond, WA"]
[Date "2008.05.26"]
[Round "6"]
[White "Wu, Darren"]
[Black "Poitras, Luc"]
[Result "0-1"]
[WhiteElo "1903"]
[BlackElo "2223"]
[PlyCount "112"]
[EventDate "2008.05.??"]
[SourceDate "2008.05.24"]

1. e4 c5 2. Nc3 Nc6 3. Nge2 a6 4. g3 e6 5. Bg2 b5 6. O-O Qc7 7. d3 d6 8. Be3
Nf6 9. h3 b4 10. Nb1 d5 11. exd5 Nxd5 12. Bc1 Be7 13. Nd2 O-O 14. Nc4 Bb7 15.
Nf4 Nf6 16. Be3 Nd4 17. Bxd4 cxd4 18. Qe2 Bxg2 19. Kxg2 Bd6 20. Nxe6 Qc6+ 21.
Qf3 Qxf3+ 22. Kxf3 fxe6 23. Nxd6 Ne8+ 24. Ke4 Nxd6+ 25. Kxd4 Rf5 26. f4 Rd5+
27. Ke3 Rc8 28. Rac1 Nf5+ 29. Kf2 Rdc5 30. c4 bxc3 31. bxc3 Rxc3 32. Rxc3 Rxc3
33. g4 Rc2+ 34. Kf3 Ne7 35. a4 Rh2 36. h4 Rh3+ 37. Ke4 Rxh4 38. Ke5 Kf7 39. f5
exf5 40. gxf5 Rxa4 41. Rf3 Ra5+ 42. Ke4 Kf6 43. d4 Rxf5 44. Ra3 a5 45. Ra4 Nd5
46. Rc4 g6 47. Rc6+ Kg5 48. Rc5 Nf6+ 49. Kd3 h5 50. Kc4 Rxc5+ 51. dxc5 h4 52.
c6 Ne8 53. Kd5 h3 54. Ke6 h2 55. Ke7 h1=Q 56. Kxe8 Qxc6+ 0-1

[Event "Washington Open"]
[Site "Redmond, WA"]
[Date "2008.05.26"]
[Round "6"]
[White "Gordon, Seth"]
[Black "Avril, Aaron"]
[Result "1-0"]
[WhiteElo "1375"]
[BlackElo "1002"]
[PlyCount "85"]
[EventDate "2008.05.??"]
[SourceDate "2008.05.24"]

1. e4 g6 2. Nf3 Nc6 3. d4 Bg7 4. Be3 d6 5. Bb5 Bd7 6. Nc3 a6 7. Ba4 Nf6 8. h3
b5 9. Bb3 Na5 10. e5 Nxb3 11. axb3 b4 12. exf6 Bxf6 13. Nd5 Bg7 14. Nxb4 a5 15.
Nd3 O-O 16. Qd2 c6 17. c3 Re8 18. Bh6 Bf6 19. O-O-O e5 20. dxe5 dxe5 21. Nc5
Be6 22. Qe3 Qb6 23. Nxe6 Qxb3 24. Nc5 Qa2 25. Kc2 Rab8 26. Rb1 a4 27. Nd2 Red8
28. Qe4 Bg7 29. Bxg7 Rxd2+ 30. Kxd2 a3 31. Bxe5 Rxb2+ 32. Rxb2 axb2 33. Qc2
Qd5+ 34. Nd3 Qxg2 35. Qxb2 Qg5+ 36. Bf4 Qg2 37. Bh6 f6 38. Qb8+ Kf7 39. Qc7+
Ke6 40. Re1+ Kd5 41. Qf7+ Kd6 42. Re6+ Kd5 43. Qd7+ 1-0

[Event "Washington Open"]
[Site "Redmond, WA"]
[Date "2008.??.??"]
[Round "6"]
[White "Wilson, Matthew"]
[Black "Yu, Corbin"]
[Result "0-1"]
[WhiteElo "1863"]
[BlackElo "2085"]
[PlyCount "54"]
[EventDate "2008.05.??"]
[SourceDate "2008.05.24"]

1. e4 c5 2. Nf3 a6 3. c4 e6 4. Nc3 Qc7 5. Be2 b6 6. O-O Bb7 7. d4 cxd4 8. Nxd4
Nf6 9. f3 Bd6 10. g3 h5 11. Be3 Bxg3 12. hxg3 Qxg3+ 13. Kh1 Ng4 14. Rf2 Nxf2+
15. Bxf2 Qxf2 16. Qg1 Qh4+ 17. Qh2 Qxh2+ 18. Kxh2 Nc6 19. Nb3 d6 20. Na4 b5 21.
cxb5 axb5 22. Bxb5 O-O 23. Nc3 Ne5 24. Nd4 Ba6 25. Ba4 Rab8 26. Bb3 Bc4 27. Rf1
Bxf1 0-1

[Event "Washington Open"]
[Site "Redmond, WA"]
[Date "2008.05.24"]
[Round "1"]
[White "Yu, Corbin"]
[Black "Shimota, Carl"]
[Result "1-0"]
[WhiteElo "2085"]
[BlackElo "1472"]
[PlyCount "89"]
[EventDate "2008.05.??"]
[SourceDate "2008.05.24"]

1. Nf3 Nc6 2. d4 d5 3. c4 dxc4 4. e4 Bg4 5. Bxc4 e6 6. Be3 Nf6 7. Nc3 Bb4 8.
Qd3 O-O 9. Nd2 e5 10. d5 Na5 11. f3 Nxc4 12. Nxc4 Bd7 13. Nxe5 Rc8 14. Nxd7
Qxd7 15. O-O-O h6 16. Kb1 Rfe8 17. Bd4 Nh7 18. Bxg7 Kxg7 19. Qd4+ f6 20. Qxb4
Ng5 21. Qxb7 Rb8 22. Qc6 Qe7 23. d6 cxd6 24. Rxd6 Nf7 25. Rd7 Qb4 26. b3 Rec8
27. Rc7 Rxc7 28. Qxc7 Rd8 29. Nd5 Qd4 30. Qc4 Qd2 31. Qc2 Qa5 32. Rc1 Rb8 33.
Qc3 Qa6 34. Qc4 Qa3 35. Qc3 Qa6 36. Qc6 Qd3+ 37. Kb2 Qd4+ 38. Qc3 Qf2+ 39. Rc2
Qh4 40. g3 Qg5 41. f4 Qg6 42. f5 Qg5 43. h4 Qh5 44. Nxf6 Qd1 45. Nd7+ 1-0

[Event "WA Open - Premier Section"]
[Site "Redmond, WA"]
[Date "2008.05.24"]
[Round "1"]
[White "Kaufman, Steven C"]
[Black "Southcote-Want, Colin"]
[Result "1-0"]
[WhiteElo "1810"]
[BlackElo "1736"]
[PlyCount "107"]
[EventDate "2008.05.??"]
[SourceDate "2008.05.24"]

1. e4 e6 2. d4 d5 3. Nc3 dxe4 4. Nxe4 Nd7 5. Nf3 Ngf6 6. Ng3 b6 7. Bd3 Bb7 8.
O-O Be7 9. c3 c5 10. Ne5 O-O 11. Re1 cxd4 12. cxd4 Bd5 13. Bg5 Rc8 14. Ba6 Rc7
15. Bf4 Nxe5 16. dxe5 Nd7 17. Qg4 g6 18. Bh6 Re8 19. Nh5 Bf8 20. Bd2 f5 21.
exf6 Nxf6 22. Nxf6+ Qxf6 23. Bc3 Qf7 24. a3 Bg7 25. Bxg7 Kxg7 26. Rad1 Ree7 27.
Bd3 Qf6 28. Qe2 Kf7 29. f3 Qd4+ 30. Kf1 Qf4 31. Qe5 Qxe5 32. Rxe5 Kf6 33. f4 h6
34. h4 Rc5 35. Rde1 Rec7 36. Kf2 Rc1 37. g3 R7c5 38. g4 Rc8 39. g5+ hxg5 40.
Rxc1 Rxc1 41. Rxg5 Rh1 42. Rxg6+ Kf7 43. Rh6 Rh2+ 44. Ke3 Rxb2 45. Rh7+ Kg8 46.
Rxa7 Rb3 47. Kd4 Rb2 48. h5 Rf2 49. Ke5 Rf3 50. Bg6 Re3+ 51. Kf6 Rf3 52. f5
exf5 53. Rd7 Rxa3 54. Rd8# 1-0

[Event "WA Open - Premier Section"]
[Site "Redmond, WA"]
[Date "2008.05.24"]
[Round "2"]
[White "Nelson, James"]
[Black "Lowther, Jeff"]
[Result "0-1"]
[WhiteElo "1664"]
[BlackElo "1905"]
[PlyCount "62"]
[EventDate "2008.05.??"]
[SourceDate "2008.05.24"]

1. d4 d5 2. Nf3 Nf6 3. Nbd2 Bf5 4. e3 h6 5. Bd3 Bxd3 6. cxd3 e6 7. O-O Be7 8.
Re1 O-O 9. e4 dxe4 10. dxe4 c5 11. e5 Nd5 12. Nc4 Nc6 13. dxc5 Bxc5 14. a3 b5
15. Ne3 Nce7 16. b4 Bb6 17. Nxd5 Nxd5 18. Nd4 Nc3 19. Qf3 Bxd4 20. Bb2 Na4 21.
Bxd4 Qxd4 22. Rad1 Qc3 23. Re3 Qc7 24. h4 Nb6 25. Qg3 Rfd8 26. Rde1 Rd2 27. h5
Rad8 28. Kh2 Nc4 29. Rf3 R8d5 30. Re4 Rxe5 31. Rg4 Rxh5+ 0-1

[Event "WA Open - Premier Section"]
[Site "Redmond, WA"]
[Date "2008.05.24"]
[Round "2"]
[White "Buck, Stephen"]
[Black "O'Connell, Sean"]
[Result "1-0"]
[WhiteElo "1734"]
[BlackElo "1609"]
[PlyCount "61"]
[EventDate "2008.05.??"]
[SourceDate "2008.05.24"]

1. c4 e5 2. Nc3 Nf6 3. g3 d5 4. cxd5 Nxd5 5. Bg2 Nb6 6. Nf3 Nc6 7. O-O Be7 8.
d3 O-O 9. a3 Be6 10. b4 a5 11. b5 Nd4 12. Bb2 f6 13. Nd2 c6 14. bxc6 Nxc6 15.
Rc1 Rf7 16. Na4 Nxa4 17. Qxa4 Bd5 18. Bxd5 Qxd5 19. Qc4 Qd8 20. Ne4 Qb6 21. Rb1
Qa6 22. Rfc1 Nd4 23. Bxd4 Bxa3 24. Bb2 b5 25. Qa2 Bxb2 26. Rxb2 Qb6 27. Qd5 Rb8
28. Nd6 Qa7 29. Qxf7+ Qxf7 30. Nxf7 Kxf7 31. Rc5 1-0

[Event "WA Open - Premier Section"]
[Site "Redmond, WA"]
[Date "2008.05.24"]
[Round "2"]
[White "Harwood, Paul"]
[Black "Smith, Allen S"]
[Result "0-1"]
[WhiteElo "1836"]
[BlackElo "2000"]
[PlyCount "45"]
[EventDate "2008.05.??"]
[SourceDate "2008.05.24"]

1. e4 c5 2. c3 Nf6 3. e5 Nd5 4. Bc4 Nb6 5. Bb3 Nc6 6. d4 cxd4 7. cxd4 e6 8. Nf3
d6 9. O-O Be7 10. Nc3 O-O 11. Qe2 a6 12. Rd1 Bd7 13. exd6 Bxd6 14. Ne4 Be7 15.
Bf4 Nb4 16. Rac1 Bb5 17. Qd2 N6d5 18. Bg3 Nd3 19. Rc2 h6 20. Nc5 N3b4 21. Nxb7
Qb6 22. Nc5 Nxc2 23. Nd7 0-1

[Event "WA Open - Premier Section"]
[Site "Redmond, WA"]
[Date "2008.05.24"]
[Round "2"]
[White "Southcote-Want, Colin"]
[Black "Phillips, Daniel"]
[Result "0-1"]
[WhiteElo "1736"]
[BlackElo "1848"]
[Annotator "Harrison"]
[PlyCount "66"]
[EventDate "2008.05.??"]
[SourceDate "2008.05.24"]

1. e4 c5 2. Nc3 a6 3. g3 b5 4. Bg2 Bb7 5. Nge2 e6 6. O-O Ne7 7. d3 d5 8. Nf4
dxe4 9. Nxe4 Nf5 10. Re1 Be7 11. Be3 Nxe3 12. Rxe3 O-O 13. g4 Ra7 14. Rh3 Nd7
15. Qe2 Nf6 $4 {Diagram #} 16. Re1 $2 (16. Nxf6+ Bxf6 17. Bxb7 Rxb7 18. Qe4 g6
19. Qxb7) 16... Ba8 17. Nh5 Nxe4 18. Bxe4 Bxe4 19. Qxe4 g6 20. Ng3 Qd4 21. c3
Qg7 22. f4 b4 23. f5 bxc3 24. fxg6 hxg6 25. bxc3 Qxc3 26. Qe3 Qd4 27. Ne4 Rb7
28. Qxd4 cxd4 29. g5 Rb5 30. Nf6+ Bxf6 31. gxf6 Rc8 32. Re4 Rc2 33. Reh4 Rb1#
0-1

[Event "WA Open - Premier Section"]
[Site "Redmond, WA"]
[Date "2008.05.25"]
[Round "3"]
[White "Blacksten, Paul"]
[Black "Southcote-Want, Colin"]
[Result "0-1"]
[WhiteElo "1658"]
[BlackElo "1736"]
[PlyCount "50"]
[EventDate "2008.05.??"]
[SourceDate "2008.05.24"]

1. e4 e6 2. Nf3 d5 3. exd5 exd5 4. d4 Nf6 5. Be2 Bd6 6. Bg5 h6 7. Bh4 O-O 8.
Nbd2 Re8 9. O-O Bf5 10. c3 c6 11. Bg3 Qc7 12. Bxd6 Qxd6 13. h3 Nbd7 14. Nh2 Re7
15. Bf3 Rae8 16. Kh1 Bd3 17. Rg1 Qf4 18. Nhf1 Be2 19. Qb3 Bxf3 20. Nxf3 Re2 21.
Qxb7 Ne4 22. Ng3 Nxf2+ 23. Kh2 Ne4 24. Qxd7 Qxg3+ 25. Kh1 Nf2# 0-1

[Event "WA Open - Premier Section"]
[Site "Redmond, WA"]
[Date "2008.05.24"]
[Round "2"]
[White "Poitras, Luc"]
[Black "Cloy, Elston"]
[Result "0-1"]
[WhiteElo "2223"]
[BlackElo "1965"]
[PlyCount "52"]
[EventDate "2008.05.??"]
[SourceDate "2008.05.24"]

1. e4 e6 2. d4 d5 3. e5 c5 4. c3 Nc6 5. Nf3 Qb6 6. Be2 cxd4 7. cxd4 Nh6 8. b3
Nf5 9. Bb2 Bb4+ 10. Kf1 O-O 11. g4 Nh6 12. h3 Bd7 13. Kg2 f6 14. exf6 gxf6 15.
Nc3 Rac8 16. Bd3 Bxc3 17. Bxc3 e5 18. dxe5 fxe5 19. Bf5 Rxf5 20. gxf5 d4 21.
Qd2 Nxf5 22. Qg5+ Kf7 23. Qh5+ Kf6 24. Bd2 h6 25. Bxh6 Ke6 26. Qg4 Kd5 {
Remaining moves indecipherable.} 0-1

[Event "WA Open - Premier Section"]
[Site "Redmond, WA"]
[Date "2008.05.24"]
[Round "1"]
[White "Lowther, Jeff"]
[Black "Desmarais, Niles"]
[Result "1/2-1/2"]
[WhiteElo "1905"]
[BlackElo "1770"]
[PlyCount "52"]
[EventDate "2008.05.??"]
[SourceDate "2008.05.24"]

1. e4 c5 2. Nf3 d6 3. c3 g6 4. d4 cxd4 5. cxd4 Bg7 6. h3 Nf6 7. Nc3 O-O 8. Be2
a6 9. a4 b6 10. O-O Bb7 11. Bd3 Nbd7 12. Re1 Qc7 13. Be3 h6 14. Rc1 Qb8 15. Qb3
e6 16. Bb1 d5 17. e5 Nh7 18. Ne2 Rc8 19. Bd2 Bf8 20. Qd3 a5 21. Rxc8 Qxc8 22.
Rc1 Qd8 23. Qb3 Ba6 24. Bd3 Bxd3 25. Qxd3 Rc8 26. Qb3 Rxc1+ 1/2-1/2

[Event "WA Open - Premier Section"]
[Site "Redmond, WA"]
[Date "2008.05.26"]
[Round "5"]
[White "Southcote-Want, Colin"]
[Black "Harmon, Carl"]
[Result "1-0"]
[WhiteElo "1736"]
[BlackElo "1557"]
[PlyCount "45"]
[EventDate "2008.05.??"]
[SourceDate "2008.05.24"]

1. e4 c6 2. d4 d5 3. Nc3 dxe4 4. f3 exf3 5. Nxf3 Nf6 6. Bd3 Bg4 7. Be3 e6 8.
O-O Bd6 9. Qd2 Nbd7 10. h3 Bh5 11. Rae1 Qc7 12. a3 Nb6 13. Ng5 h6 14. Nge4 Nbd5
15. Nxd6+ Qxd6 16. Nxd5 Nxd5 17. Bf4 Qd7 18. Bh2 O-O-O 19. Qa5 Nc7 20. Qxh5
Qxd4+ 21. Kh1 g6 22. Qa5 Rd7 23. Be5 1-0

[Event "WA Open - Premier Section"]
[Site "Redmond, WA"]
[Date "2008.05.26"]
[Round "5"]
[White "Hendricks, David"]
[Black "Phillips, Daniel"]
[Result "0-1"]
[WhiteElo "1656"]
[BlackElo "1848"]
[PlyCount "80"]
[EventDate "2008.05.??"]
[SourceDate "2008.05.24"]

1. d4 Nf6 2. c4 c5 3. d5 b5 4. cxb5 a6 5. bxa6 g6 6. Nc3 Bxa6 7. Nf3 Bg7 8. e4
Bxf1 9. Kxf1 d6 10. g3 O-O 11. Kg2 Nbd7 12. Re1 Qb6 13. Nd2 Ne8 14. Re3 Nc7 15.
Nc4 Qb7 16. Ne2 Rfb8 17. Qc2 Ne5 18. Nxe5 Bxe5 19. Nc3 Na6 20. f4 Bd4 21. Re2
Nb4 22. Qd2 e6 23. a3 exd5 24. axb4 Rxa1 25. Nxd5 f5 26. bxc5 dxc5 27. Qc2 Re8
28. Be3 Rxe4 29. Qc4 Kg7 30. Bxd4+ Rxd4 31. Qxd4+ cxd4 32. Re7+ Qxe7 33. Nxe7
Rb1 34. Nc6 Rxb2+ 35. Kf3 d3 36. Ne5 d2 37. Ke2 d1=Q+ 38. Kxd1 Rxh2 39. g4 fxg4
40. Nxg4 Rh4 0-1

[Event "WA Open - Premier Section"]
[Site "Redmond, WA"]
[Date "2008.05.26"]
[Round "6"]
[White "Blacksten, Paul"]
[Black "Allen, Robert"]
[Result "1-0"]
[WhiteElo "1658"]
[BlackElo "1700"]
[Annotator "Harrison"]
[PlyCount "73"]
[EventDate "2008.05.??"]
[SourceDate "2008.05.24"]

1. Nf3 Nf6 2. d3 g6 3. g3 Bg7 4. Bg2 O-O 5. c3 d5 6. O-O c5 7. Re1 Nc6 8. Na3
e5 9. Nc2 Bg4 10. Ne3 Be6 11. Nf1 Qd7 12. Ng5 Rae8 13. Nxe6 fxe6 14. e4 Qf7 15.
f3 b5 16. Qe2 b4 17. a3 a5 18. axb4 axb4 19. Bd2 bxc3 20. bxc3 Rb8 21. Reb1
Rxb1 22. Rxb1 Ra8 23. Be1 Ra3 24. Qb2 Qa7 25. Bf2 (25. Bh3 Nd8 (25... c4+ $2
26. Bf2 $18) 26. Qb6 Qe7 27. Qb8 Ra6 $14) 25... d4 26. Be1 Qa4 $2 {Diagram #}
27. Bh3 $1 Kf7 28. Qb7+ Ne7 29. Qb6 (29. Rb6 $5) 29... Qd7 30. Qxc5 $18 Ra2 31.
Bf2 Rc2 32. Rb3 Qa4 33. Ra3 Qd7 34. Ra7 Rxc3 35. Qa5 Qc8 $2 (35... Qd6) 36.
Qxe5 Nd7 37. Qxe6+ 1-0